000 00567nam a22001817a 4500
003 BD-DhUL
005 20190619160801.0
008 190619b1944 ii ||||| |||| 00| 0 urd d
040 _aBD-DhUL
_cBD-DhUL
082 _a891.438
_bGOA
100 0 _aغلام دسگیر رشید
245 1 0 _aاثار اقبال
_cغلام دسگیر رشید
260 _aحیدراباد دکن :
_bادارہ اشاعت اردو،
_c۔۱۹۴۴
300 _aص۔ ۳۲۰ ؛
_c۱۸ سم۔
650 4 _aUrdu literature
650 4 _aUrdu Miscellaneous writings
942 _2ddc
_cBK
999 _c248441
_d248441